Представление документа в формате RUSMARC

ПолеНазваниеЗначение
  Тип записи a
  Библиографический уровень m
001 Контрольный номер RU/УОНБ/EK/522761776
005 Дата корректировки 20241101133255.2
010 Индекс ISBN __
a ISBN 5-75590-055-8
d Цена 80 р.
9 Тираж 3000 экз.
b Уточнения в пер.
100 Данные общей обработки __
a Данные общей обработки 20160725d2001 u y0rusy0189||||ca
101 Язык документа 0_
a Язык текста rus
102 Страна публикации __
a Страна публикации RU
105 Кодированные данные (монография) __
a Кодированные данные (монография) a z 010yy
200 Заглавие и сведения об ответственности 1_
a Заглавие Танк, бросающий вызов времени
e Сведения, относящиеся к заглавию к 25-летию танка Т-80
f Первые сведения об ответственности М.В. Ашик, А.С. Ефремов, Н.С. Попов
g Последующие сведения об ответственности под общ. ред. В.И. Козишкурта
210 Выходные данные 1_
a Место издания СПб.
d Дата издания 2001
215 Физическое описание __
a Объем 111 с.
c Иллюстрации/тип воспроизводства ил., фот.
d Формат 27 см
606 Тематические рубрики 0_
a Основная рубрика Танки
x Основная подрубрика История
610 Ключевые слова 0_
a Ключевые слова танки - история
610 Ключевые слова 0_
a Ключевые слова военная техника
610 Ключевые слова 0_
a Ключевые слова бронетанковая техника
686 Индексы других классификаций __
a Классификационный индекс 68.513.111-1
2 Код системы rubbk
700 Автор _1
a Фамилия Ашик
b Имя (инициалы) М.В.
701 Альтернативная интеллектуальная ответственность _1
a Фамилия Ефремов
b Имя (инициалы) А.С.
701 Альтернативная интеллектуальная ответственность _1
a Фамилия Попов
b Имя (инициалы) Н.С.
702 Вторичная интеллектуальная ответственность _1
a Фамилия Козишкурт
b Имя (инициалы) В.И.
4 Код отношения 340
801 Источник записи _0
a Страна RU
b Организация Ульяновская ОНБ
c Дата составления 20160725
g Правила каталогизации RCR
801 Источник записи _1
a Страна RU
b Организация Ульяновская ОНБ
c Дата составления 20160725
g Правила каталогизации RCR
901 Тип документа __
t Тип документа m
909 Создатель записи __
a Создатель записи Пряхина
b Дата создания записи 20161025
938 Служебная информация __
a Имя БД books
b Имя библиотеки УОНБ
c Имя АИБС МАРК-SQL
d Номер DOC_ID в БД 325394